Louis Tomlinson - Statistics

General Stats
  • This quiz has been taken 1,387 times
  • The average score is 12 of 31
Answer Stats
Hint Answer % Correct
What year was he born? 1991
87%
What Band is he in? One direction
86%
When did he audition ? 2010
80%
When did Harry and Louis become friends? 2010
80%
Where was he born? Doncaster
78%
What did he audition for? X factor
77%
What instrument does he play? Piano
71%
Who is his girlfriend? Eleanor Calder
70%
How many sisters has he got? 5
69%
In 2012 what album was out? Up all night
64%
What is his favourite band? The Fray
56%
Name one of his Sisters? Daisy
54%
What production did he play Danny Zuko in? Grease
50%
When was he born? Christmas Eve
48%
What does he like to eat? Carrots
45%
Whats his nickname? Boo Bear
41%
What is his step father's name? Mark
36%
Where did he used to work? Toys R Us
22%
What has been attacked by? Bear
19%
Where does his name come from? France
19%
What word does he like? Boobs
13%
In what year were they on tv? 2000
11%
What is his least favourite food? Baked Beans
8%
His twin sisters were on a show called what? Fat Friends
7%
What animal do they call him? Lion
5%
What was his dogs name? Ted
5%
What was he born as? Louis Archer
4%
What could he be if he wasnt a singer? A drama teacher
3%
What tv programme has he stared in? Waterloo Road
3%
What School did he attend? The hayfield School
2%
What is he the owner of? A Football Pub
0%
No matching quizzes found
Score Distribution
Percent of People with Each Score
Percentile by Number Answered
Your Score History
You have not taken this quiz